|
|
|
|
| LEADER |
00000nam0a2200000 4500 |
| 001 |
130924 |
| 005 |
20231101220254.0 |
| 010 |
|
|
|a 9785769540875
|
| 035 |
|
|
|a (RuTPU)RU\TPU\book\141797
|
| 090 |
|
|
|a 130924
|
| 100 |
|
|
|a 20080211d2008 m y0rusy50 ca
|
| 101 |
0 |
|
|a rus
|
| 102 |
|
|
|a RU
|
| 105 |
|
|
|a a j 001zy
|
| 200 |
1 |
|
|a Радиоэлектронные средства бытового назначения
|e учебник
|f О. И. Шелухин, К. Е. Румянцев
|g под ред. К. Е. Румянцева
|
| 210 |
|
|
|a Москва
|c Академия
|d 2008
|
| 215 |
|
|
|a 480 с.
|c ил.
|
| 225 |
1 |
|
|a Высшее профессиональное образование. Радиотехника
|
| 320 |
|
|
|a Список литературы: с. 474-475.
|
| 330 |
|
|
|a Рассмотрены классификация, назначение, принципы построения и основные характеристики радиоэлектронных средств бытового назначения, в том числе системы подвижной радиосвязи, включая сотовые сети связи, спутниковые системы связи и Интернет, системы персонального радиовызова и беспроводной телефонии, волоконно-оптические системы передачи информации, средства документальной электросвязи и спутниковые радионавигационные системы. Освещены основные положения теории сжатия информации, кодирования речевых сообщений, алгоритмы и стандарты кодирования видеоизображений, принципы многоканальной связи и разделения информации, радиодоступа к информационным системам и тенденции развития систем подвижной радиосвязи.Для студентов высших учебных заведений.
|
| 606 |
1 |
|
|a Радиоэлектронные системы
|2 stltpush
|3 (RuTPU)RU\TPU\subj\23559
|9 48133
|
| 606 |
1 |
|
|a Радиоэлектронная аппаратура, бытовая
|2 stltpush
|3 (RuTPU)RU\TPU\subj\23515
|9 48100
|
| 610 |
1 |
|
|a бытовая техника
|
| 610 |
1 |
|
|a радиоэлектроника в быту
|
| 610 |
1 |
|
|a радиоэлектронные средства бытового назначения
|
| 610 |
1 |
|
|a информация
|
| 610 |
1 |
|
|a сжатие
|
| 610 |
1 |
|
|a цифровые аудиоданные
|
| 610 |
1 |
|
|a видеоизображения
|
| 610 |
1 |
|
|a кодирование
|
| 610 |
1 |
|
|a многоканальная связь
|
| 610 |
1 |
|
|a радиодоступ
|
| 610 |
1 |
|
|a радиосвязь
|
| 610 |
1 |
|
|a подвижная связь
|
| 610 |
1 |
|
|a сотовые системы
|
| 610 |
1 |
|
|a Интернет
|
| 610 |
1 |
|
|a спутниковые системы
|
| 610 |
1 |
|
|a персональный радиовызов
|
| 610 |
1 |
|
|a беспроводная телефония
|
| 610 |
1 |
|
|a волоконно-оптическая связь
|
| 610 |
1 |
|
|a телематическая связь
|
| 610 |
1 |
|
|a спутниковые радионавигационные системы
|
| 610 |
1 |
|
|a учебники
|
| 675 |
|
|
|a 621.37/.39(075.8)
|v 3
|
| 675 |
|
|
|a 64:621.38(075.8)
|v 3
|
| 700 |
|
1 |
|a Шелухин
|b О. И.
|g Олег Иванович
|
| 701 |
|
1 |
|a Румянцев
|b К. Е.
|g Константин Евгеньевич
|
| 702 |
|
1 |
|a Румянцев
|b К. Е.
|g Константин Евгеньевич
|4 340
|
| 801 |
|
1 |
|a RU
|b 63413507
|c 20080211
|g PSBO
|
| 801 |
|
2 |
|a RU
|b 63413507
|c 20150618
|g PSBO
|
| 900 |
|
|
|a Электроника
|
| 900 |
|
|
|a Электроника и радиотехника
|
| 942 |
|
|
|c BK
|
| 952 |
|
|
|b 210300
|b 210302
|
| 959 |
|
|
|a 12/20080201
|d 1
|e 0
|f ЧЗТЛ:1
|
| 959 |
|
|
|a 50/20080519
|d 2
|e 0
|f АНЛ:1
|f УФ:1
|